| 000 | 00000nam 2200000za 4500 |
| 001 | 9.837782 |
| 003 | CaOODSP |
| 005 | 20221107151224 |
| 007 | cr ||||||||||| |
| 008 | 170606s1956 oncao o f000 0 eng d |
| 040 | |aCaOODSP|beng |
| 043 | |an-cn-on |
| 086 | 1 |aR77-11/1956E-PDF |
| 245 | 00|aSummary of proceedings, Homemakers Convention |h[electronic resource] : |bSouthern Ontario Region, Sarnia Reserve, Aug 22, 23, 24, 1956. |
| 260 | |a[Ottawa?] : |b[Department of Northern Affairs and National Resources], |c1956. |
| 300 | |a63, [12] p. : |bill., photos |
| 500 | |aTitle from cover. |
| 500 | |aDigitized edition from print [produced by Indigenous and Northern Affairs Canada]. |
| 520 | |aSummary of the 11th Homemakers' Convention which took place on the Sarnia Reserve, Sarnia, Ontario, August 22, 23, and 24, 1956. |
| 692 | 07|2gccst|aAboriginal peoples |
| 692 | 07|2gccst|aHome economics |
| 692 | 07|2gccst|aConferences |
| 710 | 1 |aCanada.|bDepartment of Northern Affairs and National Resources. |
| 856 | 40|qPDF|s17.12 MB|uhttps://publications.gc.ca/collections/collection_2017/aanc-inac/R77-11-1956-eng.pdf |